[Event "Nice olm fin-A"]
[Site "Nice"]
[Date "1974.??.??"]
[Round "3"]
[White "Ljubojevic, Ljubomir"]
[Black "Cardoso, Radolfo Tan"]
[Result "1-0"]
[WhiteElo "2605"]
[BlackElo "2385"]

1.e4 g6 2.d4 c6 3.Nc3 Bg7 4.Bc4 b5 5.Bb3 b4 6.Na4 d6 7.Nf3 Nf6 8.e5 Nd5 9.O-O O-O
10.h3 Be6 11.Re1 Nc7 12.exd6 exd6 13.Bg5 Qd7 14.Qd2 Nba6 15.c4 bxc3 16.bxc3 f6
17.Bf4 Bf7 18.c4 Ne6 19.Bg3 Nac7 20.d5 cxd5 21.cxd5 Ng5 22.Nxg5 fxg5 23.Rac1 h6
24.Rc6 Ne8 25.Nc3 Kh7 26.Ne4 Rd8 27.Nxd6 Bg8 28.Nxe8 Rfxe8 29.Rc7 Qf5 30.d6 Bxb3
31.axb3 Kg8 32.Rxe8+ Rxe8 33.Re7 Rd8 34.d7 Bf6 35.Re8+ Kh7 36.Rxd8 Bxd8 37.b4 h5
38.Qd6 h4 39.Be5 Kg8 40.Qb8 Kf7 41.Bc7  1-0

[Event "Nice olm prel"]
[Site "Nice"]
[Date "1974.??.??"]
[Round "5"]
[White "Dueball, Juergen"]
[Black "Cordovil, Joao"]
[Result "1-0"]
[WhiteElo "2455"]
[BlackElo "2200"]

1.e4 c6 2.Nc3 g6 3.d4 Bg7 4.Nf3 d5 5.Bd3 Bg4 6.O-O Nf6 7.e5 Nfd7 8.h3 Bxf3
9.Qxf3 e6 10.Re1 a6 11.Qg3 b5 12.h4 b4 13.Ne2 c5 14.c3 Nc6 15.h5 bxc3 16.bxc3 cxd4
17.cxd4 Qa5 18.Be3 Bf8 19.Nf4 gxh5 20.Nxh5 Qa3 21.Bf1 Ne7 22.Ng7+ Kd8 23.Bd2 Qa4
24.Nh5 Rg8 25.Bg5 Ke8 26.Qf4 Nf5 27.Red1 h6 28.Bf6 Be7 29.Bd3 Nxf6 30.Nxf6+ Bxf6
31.exf6 Nxd4 32.Kf1 Rg5 33.Rab1 e5 34.Re1 Qa3 35.Qxd4 Kf8 36.Qxd5  1-0

[Event "Rimavska Sobota"]
[Site "Rimavska Sobota"]
[Date "1974.??.??"]
[Round "1"]
[White "Braun, Gottfried"]
[Black "Ujtelky, Maximilian"]
[Result "1/2-1/2"]
[WhiteElo "2400"]
[BlackElo "2295"]

1.e4 g6 2.Nc3 Bg7 3.d4 c6 4.Nf3 d6 5.a4 a5 6.h3 Na6 7.Bg5 Nb4 8.Ne2 f5 9.exf5 Bxf5
10.Rc1 Na2 11.Ra1 Nb4 12.Rc1 Na2 13.Ra1  1/2-1/2

[Event "Rimavska Sobota"]
[Site "Rimavska Sobota"]
[Date "1974.??.??"]
[Round "7"]
[White "Ornstein, Axel"]
[Black "Ujtelky, Maximilian"]
[Result "1-0"]
[WhiteElo "2430"]
[BlackElo "2295"]

1.e4 g6 2.d4 Bg7 3.Nc3 c6 4.Nf3 b5 5.Bd3 a5 6.e5 d5 7.exd6 Qxd6 8.Ne4 Qd5
9.h3 Nf6 10.Nxf6+ exf6 11.O-O O-O 12.Re1 Bf5 13.Bf4 Nd7 14.Bxf5 Qxf5 15.Bg3 Nb6
16.c3 a4 17.Nd2 Rfe8 18.Qf3 Qxf3 19.Nxf3 Nd5 20.Bd6 Bf8 21.Bxf8 Kxf8 22.Rac1 Rxe1+
23.Nxe1 Nb6 24.Nd3 Re8 25.Kf1 Nc4 26.Rc2 Ke7 27.Re2+ Kd8 28.b3 axb3 29.axb3 Rxe2
30.Kxe2 Nb6 31.Nb4 Kd7 32.Kd3 f5 33.c4 bxc4+ 34.bxc4 h5 35.c5 Nc8 36.d5 cxd5
37.Nxd5 Na7 38.Kc4 h4 39.Nb4 Ke6 40.Nc2 g5 41.Nd4+ Ke5 42.c6 g4 43.c7 Nc8
44.Kc5 f6 45.Nb5 Ne7 46.Nc3 Nc8 47.Nd5 gxh3 48.gxh3 Ke4 49.Kc6 Kf3 50.Kd7 Na7
51.Ne7 f4 52.Nc6 Nxc6 53.Kxc6  1-0

[Event "CSR-ch"]
[Site "Rimavska Sobota"]
[Date "1974.??.??"]
[Round "8"]
[White "Prandstetter, Eduard"]
[Black "Meduna, Eduard"]
[Result "0-1"]
[WhiteElo "2355"]
[BlackElo "2285"]

1.e4 g6 2.d4 Bg7 3.Nc3 c6 4.Nf3 d6 5.h3 Nf6 6.Be2 O-O 7.O-O Qc7 8.a4 e5 9.dxe5 dxe5
10.Bg5 Nbd7 11.Be3 Rd8 12.Qc1 Nf8 13.Ng5 h6 14.Nf3 g5 15.h4 g4 16.Nh2 h5
17.g3 Ne6 18.Bh6 Qe7 19.Bxg7 Kxg7 20.f3 gxf3 21.Rxf3 Rh8 22.Qd2 Rh6 23.Raf1 Rg6
24.Kh1 Kh7 25.R3f2 Nd4 26.Qd1 Bh3 27.Bxh5 Rh6 28.Ng4 Bxg4 29.Bxg4 Rg8 30.Kg2 Rhg6
31.Kh1 Kh8 32.Bh3 Rxg3 33.Rh2 R8g7 34.Ne2 Nxe4 35.Nxd4 exd4 36.Bf5 Nd6 37.Re2 Re3
38.Rg2 Nxf5 39.Qh5+ Kg8 40.Qxf5 Qxh4+ 41.Rh2 Qe4+  0-1

[Event "Rimavska Sobota"]
[Site "Rimavska Sobota"]
[Date "1974.??.??"]
[Round "12"]
[White "Tepper, M."]
[Black "Ujtelky, Maximilian"]
[Result "1/2-1/2"]
[WhiteElo "2200"]
[BlackElo "2295"]

1.e4 g6 2.d4 Bg7 3.Nc3 c6 4.Nf3 b5 5.Bd3 d6 6.h3 a5 7.O-O Na6 8.Re1 e5 9.dxe5 dxe5
10.Be3 Ne7 11.Qd2 O-O 12.Bh6 Qc7 13.Bxg7 Kxg7 14.Rad1 Rd8 15.Qe3 f6 16.Rd2 Be6  1/2-1/2

[Event "SWE-ch"]
[Site "?"]
[Date "1974.??.??"]
[Round "7"]
[White "Fridh, Anton"]
[Black "Ljungqvist, Lennart"]
[Result "1-0"]
[WhiteElo "2255"]
[BlackElo "2250"]

1.e4 g6 2.d4 Bg7 3.Nc3 c6 4.Bc4 d6 5.Qf3 e6 6.Nge2 d5 7.Bb3 f5 8.exf5 exf5
9.h4 Be6 10.Bg5 Nf6 11.h5 O-O 12.hxg6 hxg6 13.O-O-O Nbd7 14.Nf4 Bf7 15.Qh3 Qc7
16.Kb1 Rfe8 17.Bh6 Bh8 18.f3 b5 19.g4 fxg4 20.fxg4 a5 21.Bg5 Bg7 22.Bh6 Bh8
23.g5 Ne4 24.Ncxd5 cxd5 25.Nxd5 Qc6 26.Bf8 Bxd5 27.Qxh8+ Kf7 28.Rh7+ Ke6
29.Qg8+ Kf5 30.Bxd5 Nd2+ 31.Kc1 Rxf8 32.Rf7+ Nf6 33.Bxc6 Rxg8 34.Rxd2 Kxg5
35.Rg2+ Ng4 36.Bd7 Rgf8 37.Rxg4+ Kh6 38.Be6 Rxf7 39.Bxf7 g5 40.d5 Rf8 41.Be6  1-0

[Event "Vejle op"]
[Site "Vejle"]
[Date "1974.??.??"]
[Round "1"]
[White "Iskov, Gert"]
[Black "Kjaerbye, Michael"]
[Result "1-0"]
[WhiteElo "2420"]
[BlackElo "2200"]

1.e4 g6 2.d4 Bg7 3.Nc3 c6 4.Nf3 d6 5.Be2 Nf6 6.O-O O-O 7.a4 Bg4 8.Nd2 Bxe2
9.Qxe2 Na6 10.e5 Ne8 11.Nf3 Nec7 12.Rd1 Re8 13.a5 Qd7 14.Ne4 Ne6 15.Be3 h6
16.c4 dxe5 17.Nxe5 Qc7 18.Ng4 g5 19.Ng3 c5 20.d5 Nf4 21.Bxf4 Qxf4 22.Nh5 Qd6
23.Ra3 f5 24.Re3 fxg4 25.Re6 Nb4 26.Qe4  1-0

[Event "Vejle op"]
[Site "Vejle"]
[Date "1974.??.??"]
[Round "7"]
[White "Madsen, Peder"]
[Black "Kjaerbye, Michael"]
[Result "1-0"]
[WhiteElo "2200"]
[BlackElo "2200"]

1.e4 g6 2.d4 Bg7 3.Nc3 c6 4.Nf3 d6 5.Be2 Nf6 6.O-O O-O 7.Re1 Nbd7 8.e5 dxe5
9.dxe5 Ng4 10.Bf4 Qb6 11.Ne4 Ngxe5 12.Nxe5 Nxe5 13.Qc1 Re8 14.Bh6 Bh8 15.Qf4 Qxb2
16.Rab1 Qxa2 17.Bd3 a5 18.Rb3 a4 19.Bc4 Nxc4 20.Nf6+  1-0

[Event "CSR-ch"]
[Site "Brno"]
[Date "1975.??.??"]
[Round "9"]
[White "Jansa, Vlastimil"]
[Black "Vogt, Lothar"]
[Result "1/2-1/2"]
[WhiteElo "2540"]
[BlackElo "2450"]

1.d4 g6 2.e4 Bg7 3.Nc3 c6 4.Nf3 d6 5.Bc4 Nf6 6.Bb3 O-O 7.O-O Bg4 8.h3 Bxf3
9.Qxf3 Nbd7 10.Qe2 e5 11.dxe5 dxe5 12.Be3 Qe7 13.Rad1 b5 14.Bg5 h6 15.Bxf6 Nxf6
16.Rd3 a5 17.a4 b4 18.Nb1 Nd7 19.Rfd1 Nc5 20.Rd6 Rfd8 21.Rxd8+ Rxd8 22.Rxd8+ Qxd8
23.Nd2 Bf6 24.g3 Qd4 25.Kg2  1/2-1/2

[Event "CSR-ch"]
[Site "Brno"]
[Date "1975.??.??"]
[Round "11"]
[White "Lanc, Alois"]
[Black "Vogt, Lothar"]
[Result "1/2-1/2"]
[WhiteElo "2200"]
[BlackElo "2450"]

1.e4 g6 2.d4 Bg7 3.Nc3 c6 4.Bc4 d5 5.exd5 b5 6.Bb3 b4 7.Nce2 cxd5 8.Nf3 Nf6
9.O-O O-O 10.a3 bxa3 11.Rxa3 Nc6 12.Ne5 Bb7 13.Nf4 e6 14.Nxc6 Bxc6 15.c3 Nd7
16.Re1 Re8 17.Nd3 Bb5 18.Bf4 Qb6 19.Ba4 a5 20.Qb3 Bxa4 21.Qxa4 Qa7 22.Rea1 Bf8
23.Rb3 Qa6 24.Ne5 Nxe5 25.Bxe5 Bd6  1/2-1/2

[Event "ARG-ch"]
[Site "Buenos Aires"]
[Date "1975.??.??"]
[Round "7"]
[White "De la Vega, Hector"]
[Black "Brond, Victor"]
[Result "1/2-1/2"]
[WhiteElo "2360"]
[BlackElo "2310"]

1.d4 g6 2.e4 Bg7 3.Nc3 c6 4.Nf3 d5 5.h3 Nf6 6.e5 Ne4 7.Bd3 Nxc3 8.bxc3 c5
9.dxc5 Qa5 10.O-O Qxc5 11.Be3 Qxc3 12.Bb5+ Nc6 13.Qxd5 O-O 14.Bxc6 Qxc6 15.Qxc6 bxc6
16.Bc5 Re8 17.Rfe1  1/2-1/2

[Event "Club Argentino"]
[Site "Buenos Aires"]
[Date "1975.??.??"]
[Round "11"]
[White "Seidler, A."]
[Black "Rossetto, Hector"]
[Result "1/2-1/2"]
[WhiteElo "2200"]
[BlackElo "2430"]

1.e4 g6 2.d4 Bg7 3.Nc3 c6 4.Be2 d5 5.exd5 cxd5 6.Bf3 e6 7.Bf4 Nc6 8.Nge2 a6
9.Qd2 Nge7 10.g4 Bd7 11.b3 b5 12.Bh6 Bxh6 13.Qxh6 Rc8 14.Rd1 Nb4 15.Rd2 Qa5
16.O-O Nxa2 17.Nxa2 Qxa2 18.Nc1 Qa3 19.Qg7 Rg8 20.Qxh7 Qb4 21.Rfd1 a5 22.Re2 Rf8
23.Qg7 a4  1/2-1/2

[Event "URS-ch otbor"]
[Site "Cheliabinsk"]
[Date "1975.??.??"]
[Round "?"]
[White "Semeniuk, Alexander A"]
[Black "Zilberman, Nathan R"]
[Result "0-1"]
[WhiteElo "2200"]
[BlackElo "2200"]

1.e4 g6 2.d4 Bg7 3.Nc3 c6 4.f4 d5 5.e5 Nh6 6.Nf3 Bg4 7.h3 Bxf3 8.Qxf3 f6
9.Bd3 O-O 10.h4 fxe5 11.dxe5 Nd7 12.Qh3 Nc5 13.h5 Nxd3+ 14.cxd3 Qc8 15.hxg6 hxg6
16.f5 Nxf5 17.g4 Nd4 18.Qh7+ Kf7 19.Rf1+ Ke8 20.Qxg6+ Kd7 21.Qxg7 Nc2+ 22.Kd2 Rxf1
23.Kxc2 Qh8 24.Qg5 Rg8 25.Qe3 Qh2+ 26.Kb3 b6 27.g5 Ke6 28.Ne2 Rgf8 29.g6 Kd7
30.e6+ Kc8 31.Ng3 R1f6 32.g7 Rg8 33.Qe5 Kb7 34.Bf4 Rxf4 35.Qxf4 Rxg7 36.Rh1 Qxg3
37.Qxg3 Rxg3 38.Rh7 Rxd3+ 39.Kc2 Re3 40.Rxe7+ Ka6 41.a4 c5 42.Rd7 Rxe6 43.Rxd5 Ka5
44.Rd3 Re2+ 45.Kc1 Re4 46.Rd7 a6 47.Kc2 Kxa4 48.Rc7 a5 49.Rc6 Kb5 50.Rh6 a4
51.Rg6 Re2+ 52.Kc3 Re3+ 53.Kc2 a3  0-1

[Event "DSV-Turnier"]
[Site "Leipzig"]
[Date "1975.??.??"]
[Round "15"]
[White "Mueller, Klaus Uwe"]
[Black "Tseshkovsky, Vitaly"]
[Result "0-1"]
[WhiteElo "2470"]
[BlackElo "2555"]

1.e4 g6 2.d4 Bg7 3.Nc3 c6 4.Nf3 d5 5.h3 Nf6 6.e5 Ne4 7.Bd3 Nxc3 8.bxc3 c5
9.O-O O-O 10.Bf4 Qa5 11.Qd2 c4 12.Be2 b5 13.Nh2 Nc6 14.Be3 Qa3 15.f4 a5 16.g4 b4
17.cxb4 axb4 18.Bf3 Ra5 19.Rfe1 Be6 20.f5 gxf5 21.Bh6 Kh8 22.Bxg7+ Kxg7 23.gxf5 Bxf5
24.Qg5+ Bg6 25.Re3 Qb2 26.Rf1 h6 27.Qg3 Qxc2 28.Bd1 Qd2 29.Bh5 Rg8 30.Bxg6 fxg6
31.Ng4 Qxd4 32.Qf2 Raa8 33.Qf7+ Kh8 34.Kh1 Rg7 35.Qf2 h5 36.Nh6 Kh7 37.Nf7 b3
38.Ng5+ Kg8 39.Qf3 bxa2 40.Ne6 a1=Q 41.Nxd4 Qxd4  0-1

[Event "Lone Pine"]
[Site "Lone Pine"]
[Date "1975.??.??"]
[Round "3"]
[White "Karklins, Andrew"]
[Black "Csom, Istvan"]
[Result "0-1"]
[WhiteElo "2395"]
[BlackElo "2530"]

1.e4 c6 2.d4 g6 3.Nc3 Bg7 4.Nf3 Na6 5.Be2 Nc7 6.O-O d5 7.Re1 Nh6 8.h3 O-O
9.Bf1 Ne6 10.e5 f6 11.exf6 exf6 12.Bd3 Nf7 13.Ne2 Nd6 14.Nf4 Re8 15.c3 Nf8
16.Bd2 Rxe1+ 17.Qxe1 Bd7 18.Qd1 Qb6 19.Qb3 Bf5 20.Bxf5 Nxf5 21.Nd3 Ne6 22.Re1 Kf7
23.Nf4 Re8 24.Nxe6 Rxe6 25.Rxe6 Kxe6 26.Qc2 Qa6 27.Qb1 Nd6 28.Bf4 Ne4 29.Nd2 Nxd2
30.Bxd2 Bf8 31.Bf4 Kf7 32.a3 Qe2 33.Qc1 h5 34.Qd2 Qe4 35.f3 Qf5 36.h4 a6
37.Kh2 Be7 38.Kg1 a5 39.Kh2 a4 40.Bg3 g5 41.hxg5 fxg5 42.Be5 g4 43.fxg4 Qxg4
44.Qf2+ Ke6 45.Qc2 Qh4+ 46.Kg1 Qe1+ 47.Kh2 Qe4 48.Qd1 Qh4+ 49.Kg1 Bg5 50.Qf3 Qg4
51.Qd3 Bc1 52.Bb8 Bxb2 53.Qe3+ Kd7 54.Qe5 Bxc3 55.Ba7 Ba5 56.Bc5 Bd8 57.Qd6+ Kc8
58.Qf8 Qe4 59.Kh2 Qh4+ 60.Kg1 Qf6 61.Qe8 Kc7 62.Qxh5 b6 63.Qh7+ Kb8 64.Qb1 Ka7
65.Qh7+ Ka8 66.Bb4 Qxd4+ 67.Kf1  0-1

[Event "FRG-ch International"]
[Site "Mannheim"]
[Date "1975.??.??"]
[Round "13"]
[White "Lombard, Andre"]
[Black "Westerinen, Heikki MJ"]
[Result "1-0"]
[WhiteElo "2420"]
[BlackElo "2475"]

1.d4 g6 2.e4 Bg7 3.Nc3 c6 4.Nf3 d5 5.h3 Nh6 6.Bf4 f6 7.exd5 cxd5 8.Bb5+ Nc6
9.O-O O-O 10.Re1 Nf7 11.Qe2 e6 12.Na4 Qa5 13.c4 a6 14.Bxc6 bxc6 15.Qc2 Ra7
16.Rac1 Re8 17.Bd2 Qd8 18.cxd5 cxd5 19.Qc5 Qe7 20.Nb6 Qxc5 21.Rxc5 Bd7 22.Ra5 Bc6
23.Rc1 Bb5 24.a4 Be2 25.Re1 Bxf3 26.gxf3 Nd6 27.Bb4 Nf5 28.Bc5 Nh4 29.Re3 Bh6
30.Nxd5 Rf7 31.f4 Rd8 32.Nc3 e5 33.dxe5 fxe5 34.Rxe5 Nf3+ 35.Kg2 Nxe5 36.fxe5 Rf5
37.Rxa6 Rxe5 38.b4 Rd3 39.Ra8+ Kf7 40.Nb5 Rg5+ 41.Kf1 Rxh3 42.a5 Rh1+ 43.Ke2 Rb1
44.a6 Re5+ 45.Kd3 Rd1+ 46.Kc2 Rc1+ 47.Kb3 Rb1+ 48.Kc4 Rc1+ 49.Kd4 Re2 50.Nd6+ Kg7
51.a7 Ra1 52.Kd5 Rd2+ 53.Bd4+ Rxd4+ 54.Kxd4 Bd2 55.b5 Be1 56.Ne4 Ra4+ 57.Kd5  1-0

[Event "URS-chT"]
[Site "Riga"]
[Date "1975.??.??"]
[Round "?"]
[White "Khalafian, Erua"]
[Black "Zatulovskaya, Tatiana"]
[Result "0-1"]
[WhiteElo "2000"]
[BlackElo "2220"]

1.e4 g6 2.d4 Bg7 3.Nc3 c6 4.f4 d5 5.e5 h5 6.Bd3 Nh6 7.Nf3 Bf5 8.Ng5 Bxd3
9.Qxd3 Na6 10.a3 Nc7 11.Ne2 e6 12.Bd2 Nf5 13.h4 Bh6 14.Ng3 Bxg5 15.fxg5 a5
16.Nxf5 exf5 17.a4 Ne6 18.Be3 Qb6 19.Ke2 Qa6 20.Qxa6 Rxa6 21.Kd3 Kd7 22.b3 b5
23.c3 Rb8 24.Rhc1 bxa4 25.bxa4 Rb2 26.Rc2 Rbb6 27.Raa2 Rb1 28.g3 Rab6 29.Rc1 R1b2
30.Rxb2 Rxb2 31.Rc2 Rb3 32.Ra2 Rb1 33.Kc2 Re1 34.Kd3 Kc7 35.Ra3 Rf1 36.Ra2 Rb1
37.Kd2 Rh1 38.Kd3 Rf1 39.Ke2 Rb1 40.Kf3 Rb3 41.Rc2 Ra3 42.Ke2 Rxa4 43.Rb2 Rc4
44.Kd3 a4 45.Kc2 Kc8 46.Kd3 Nc7 47.Bd2 Nb5  0-1

[Event "URS-chT"]
[Site "Riga"]
[Date "1975.??.??"]
[Round "?"]
[White "Heuer, Valter"]
[Black "Chebanenko, Vecheslav"]
[Result "1/2-1/2"]
[WhiteElo "2375"]
[BlackElo "2410"]

1.e4 g6 2.d4 Bg7 3.Nc3 c6 4.Nf3 d6 5.Be2 Nf6 6.O-O O-O 7.h3 Nbd7 8.Be3 Qc7
9.a4 e5 10.dxe5 Nxe5 11.Qd2 Rd8 12.Rfd1 Be6 13.Bf4 Qe7 14.Qe3 Nfd7 15.Nd4 a5
16.Bg5 f6 17.Nxe6 Qxe6 18.Bh4 Nc5 19.Qd4 g5 20.Bg3 f5 21.exf5 Qxf5 22.Qd2 d5
23.f4 gxf4 24.Qxf4 Qg6 25.Kh1 Ne6 26.Qf2 Rf8 27.Qe1 Rf7 28.Bd3 Nxd3 29.Rxd3 Nc5
30.Rf3 Rxf3 31.gxf3 Re8 32.Qf2 d4 33.Ne2 Qf5 34.Rg1 Qxh3+ 35.Bh2 Ne6 36.Rg3 Qh6
37.Nxd4 Nxd4 38.Qxd4 Re1+ 39.Kg2 Re2+ 40.Kf1 Rxh2 41.Qd8+ Kf7 42.Qd7+  1/2-1/2

[Event "Rimavska Sobota"]
[Site "Rimavska Sobota"]
[Date "1975.??.??"]
[Round "12"]
[White "Tepper, M."]
[Black "Petran, Peter"]
[Result "1-0"]
[WhiteElo "2200"]
[BlackElo "2370"]

1.e4 g6 2.d4 Bg7 3.Nc3 c6 4.Nf3 d6 5.Be2 Nf6 6.O-O b5 7.a3 O-O 8.Bf4 Nbd7
9.Qd2 Bb7 10.Bh6 a6 11.Bxg7 Kxg7 12.e5 dxe5 13.dxe5 Nxe5 14.Qf4 Nxf3+ 15.Bxf3 Qd6
16.Qh4 Rad8 17.Rfe1 Qc7 18.Re3 Rd2 19.Rae1 e6 20.Be4 c5 21.Rh3 b4 22.Qh6+ Kg8
23.Bxb7 bxc3 24.Rxc3 Rxf2 25.Bf3 Rxf3 26.Rxf3 Ng4 27.Qf4 Qxf4 28.Rxf4 h5
29.h3 Nh6 30.Rc4 Rd8 31.Rxc5 Rd2 32.b4 Nf5 33.Kh1 h4 34.a4 Ng3+ 35.Kh2 Ne2
36.b5 axb5 37.axb5 Nf4 38.Rg1 Nd5 39.c4 Rc2 40.Rc6 Nf4 41.b6 Kg7 42.c5 Rb2
43.Rd6 Nd5 44.Rxd5 exd5 45.Rc1  1-0

[Event "Stary Smokovec"]
[Site "Stary Smokovec"]
[Date "1975.??.??"]
[Round "8"]
[White "Kupreichik, Viktor D"]
[Black "Petran, Peter"]
[Result "1-0"]
[WhiteElo "2460"]
[BlackElo "2370"]

1.e4 g6 2.d4 Bg7 3.Nc3 c6 4.f4 d5 5.e5 h5 6.Nf3 Nh6 7.Be3 Bf5 8.Be2 e6 9.h3 Bf8
10.a3 h4 11.Bf2 Be7 12.O-O g5 13.fxg5 Bxg5 14.Qe1 Ng8 15.Bd3 Bxd3 16.cxd3 Nd7
17.Nd1 Nf8 18.Qb4 Rb8 19.Nxg5 Qxg5 20.Be3 Qe7 21.Qd2 Rh5 22.Qe2 Rh7 23.Nf2 Nh6
24.Bxh6 Rxh6 25.Ng4 Rh8 26.Rf3 Rc8 27.Raf1 Rc7 28.Qd2 Ng6 29.Nh6 Rxh6 30.Qxh6  1-0

[Event "Capablanca mem-B 13th"]
[Site "Cienfuegos"]
[Date "1976.05.19"]
[Round "3"]
[White "Durao, Joaquim"]
[Black "De Greiff, Boris"]
[Result "1/2-1/2"]
[WhiteElo "2325"]
[BlackElo "2320"]

1.e4 g6 2.d4 Bg7 3.Nc3 c6 4.Be3 d5 5.e5 h5 6.Nge2 Nh6 7.Nf4 Bf5 8.Bd3 e6
9.O-O Nd7 10.Be2 Qe7 11.f3 O-O-O 12.a3 Nxe5 13.dxe5 d4 14.Bxd4 c5 15.Nb5 cxd4
16.Nd6+  1/2-1/2

[Event "Capablanca mem-C 13th"]
[Site "Cienfuegos"]
[Date "1976.05.21"]
[Round "5"]
[White "Delgado, Alberto"]
[Black "Ferrera, Benjamin"]
[Result "1-0"]
[WhiteElo "2260"]
[BlackElo "2375"]

1.e4 g6 2.d4 c6 3.Nc3 Bg7 4.Nf3 d5 5.e5 Nh6 6.h3 O-O 7.Bd3 f6 8.exf6 exf6
9.O-O Nf7 10.Bf4 Nd7 11.Qd2 Re8 12.Rfe1 Nf8 13.Rxe8 Qxe8 14.Re1 Ne6 15.Na4 Qf8
16.c4 Bd7 17.Nc3 dxc4 18.Bxc4 Re8 19.d5 Nxf4 20.Qxf4 Rxe1+ 21.Nxe1 Qe8 22.Nd3 b5
23.Bb3 cxd5 24.Nxd5 f5 25.Qh4 g5 26.Qh5 a5 27.a3 Qe6 28.Nc5 Qe1+ 29.Kh2 Be8
30.Nd3 Qe4 31.Qd1 Bf6 32.Nc5 Qe5+ 33.Kg1 Qd6 34.Na6 Bxb2 35.Nac7 Be5 36.Qf3 Qxa3
37.Nf6+ Bxf6 38.Bxf7+ Kxf7  1-0

[Event "IBM-B"]
[Site "Amsterdam"]
[Date "1976.??.??"]
[Round "1"]
[White "Pribyl, Josef"]
[Black "Ciocaltea, Victor"]
[Result "1-0"]
[WhiteElo "2435"]
[BlackElo "2480"]

1.d4 g6 2.e4 Bg7 3.Nc3 c6 4.Nf3 d6 5.Bc4 Nf6 6.Qe2 O-O 7.e5 Nd5 8.Bd2 Nxc3
9.Bxc3 d5 10.Bd3 a5 11.h4 h5 12.Ng5 Na6 13.e6 f5 14.g4 hxg4 15.h5 Qd6 16.h6 Bh8
17.h7+ Kg7 18.Bxa6 Rxa6 19.O-O-O Rf6 20.Qd2 Bxe6 21.Rde1 Bd7 22.Bxa5 b6 23.Bb4 c5
24.Qe3 e6 25.dxc5 bxc5 26.Bxc5 Qb8 27.Bd4 Rxa2 28.Kb1 Ra4 29.Be5 Qa8 30.b3 Ra6
31.Qc5 Qd8 32.f4 gxf3 33.Nxf3 Kf7 34.Ng5+ Kg7 35.Qb4 Bc6 36.Qh4 Kf8 37.Nf3  1-0

[Event "IBM-B"]
[Site "Amsterdam"]
[Date "1976.??.??"]
[Round "6"]
[White "Ciocaltea, Victor"]
[Black "Hartoch, Robert G"]
[Result "0-1"]
[WhiteElo "2480"]
[BlackElo "2365"]

1.e4 g6 2.d4 Bg7 3.Nc3 c6 4.Be3 d6 5.f3 b5 6.Qd2 Nf6 7.g4 h5 8.g5 Nfd7 9.f4 Nb6
10.Nf3 d5 11.e5 Bf5 12.Nh4 e6 13.Nxf5 exf5 14.b3 Bf8 15.Be2 Be7 16.O-O Kf8
17.a4 b4 18.Na2 a5 19.c3 bxc3 20.Qxc3 Kg7 21.Nc1 N6d7 22.Nd3 Qb6 23.Nc5 Rc8
24.Rfc1 Nf8 25.Rab1 Bxc5 26.dxc5 Qb4 27.Qxb4 axb4 28.Bd2 Ne6 29.Rf1 Nd7 30.Bxb4 Rcb8
31.Ba3 Ndxc5 32.Bd1 Rxa4 33.Bxc5 Nxc5 34.b4 Raxb4 35.Rc1 Ne6  0-1

[Event "IBM-B"]
[Site "Amsterdam"]
[Date "1976.??.??"]
[Round "10"]
[White "Woodhams, Michael"]
[Black "Ciocaltea, Victor"]
[Result "1/2-1/2"]
[WhiteElo "2430"]
[BlackElo "2480"]

1.d4 g6 2.e4 Bg7 3.Nc3 c6 4.Nf3 d5 5.h3 Nh6 6.Bd3 O-O 7.O-O f6 8.Re1 Nf7
9.Bf1 e6 10.a4 a5 11.Ra3 Na6 12.Rb3 Nb4 13.g3 e5 14.exd5 cxd5 15.Nb5 Bf5
16.Na3 e4 17.Nh2 Bd7 18.c3 Na6 19.Nb5 f5 20.f4 Nc7 21.Nxc7 Qxc7 22.Ra3 Nd6
23.Ra1 Kh8 24.Be2 b5 25.axb5 Nxb5 26.Nf1 a4 27.Ne3 Qb7 28.Bd2 Nd6 29.Qb1 Bb5
30.b4 Bxe2 31.Rxe2 Qb5 32.Qf1 Qc6 33.Ree1 Nb5 34.Rec1 a3 35.Qd1 Rfd8 36.Qb3 h6
37.Nc2  1/2-1/2

[Event "Beersheba"]
[Site "Beersheba"]
[Date "1976.??.??"]
[Round "6"]
[White "Hartston, William R"]
[Black "Kagan, Shimon"]
[Result "1/2-1/2"]
[WhiteElo "2445"]
[BlackElo "2430"]

1.d4 g6 2.e4 Bg7 3.Nc3 c6 4.Nf3 d5 5.h3 Nf6 6.e5 Ne4 7.Bd3 Nxc3 8.bxc3 O-O
9.O-O c5 10.Re1 c4 11.Bf1 Nc6 12.Bf4 b5 13.Qd2 a5 14.a3 Ra7 15.Bh6 Rb7 16.Qf4 e6
17.Bxg7 Kxg7 18.Nh2 f5 19.h4 h6 20.Re3 Rg8 21.Rg3 Kh7 22.Nf3 Qe7 23.Rh3 Nd8
24.g4 Qf8 25.Be2 fxg4 26.Qxg4 Qf5 27.Ne1 Qxg4+ 28.Bxg4 Rf8 29.Rf3 Rxf3 30.Nxf3 Nc6
31.Kg2 Kg7 32.Kg3 Kf7 33.Kf4 Bd7 34.Ke3 Rb8 35.Bh3 Rg8 36.Rg1 Rb8 37.Rg3 Ne7
38.Ng1 b4 39.cxb4 axb4 40.axb4 Rxb4 41.Rf3+ Nf5+ 42.Bxf5 gxf5 43.Kd2 Rb1
44.Nh3 Rh1 45.Ra3 Rf1 46.Ra7 Ke7 47.Kc3 Kd8 48.Ra6 Ke7 49.Ra7 Kd8 50.Ra6  1/2-1/2

[Event "Beersheba"]
[Site "Beersheba"]
[Date "1976.??.??"]
[Round "10"]
[White "Lederman, Leon"]
[Black "Kagan, Shimon"]
[Result "1/2-1/2"]
[WhiteElo "2420"]
[BlackElo "2430"]

1.e4 g6 2.d4 Bg7 3.Nc3 c6 4.f4 d5 5.e5 h5 6.Nf3 Bg4 7.h3 Bxf3 8.Qxf3 Qb6
9.Bd3 e6 10.Ne2 h4 11.O-O Nh6 12.Be3 Bf8 13.Bf2 Be7 14.b3 Na6 15.a3 Nc7 16.c4 a5
17.Rfb1 Qa7 18.Nc3 Nf5 19.c5 b5 20.cxb6 Qxb6 21.Na4 Qb7 22.b4 axb4 23.axb4 Nb5
24.Bxf5 gxf5 25.Nc5 Bxc5 26.bxc5 Kd7 27.Qb3 Qc7 28.Qb2 Rhb8 29.Rxa8 Rxa8
30.Ra1 Rxa1+ 31.Qxa1 Qd8 32.Qa6 Qb8 33.Kh2 Nc7 34.Qa1 Qh8 35.Qa7 Qh6 36.Be3 Qg6
37.Bd2 Qg3+ 38.Kg1 Kc8 39.Qb6 Qd3 40.Ba5 Qe3+ 41.Kh1  1/2-1/2

[Event "Parque Hotel"]
[Site "Buenos Aires"]
[Date "1976.??.??"]
[Round "?"]
[White "Bademian, Jose"]
[Black "Rossetto, Hector"]
[Result "0-1"]
[WhiteElo "2205"]
[BlackElo "2420"]

1.e4 c6 2.d4 g6 3.Nc3 Bg7 4.Nf3 d5 5.h3 Nf6 6.e5 Ne4 7.Nxe4 dxe4 8.Ng5 c5
9.Bc4 O-O 10.e6 f6 11.Nxe4 cxd4 12.O-O Nc6 13.a3 Qc7 14.Qe2 b6 15.f4 f5 16.Ng5 Bb7
17.Bd2 Rac8 18.Rac1 Ne5 19.Bb5 Nc4 20.Bd7 Ra8 21.Bb4 Bf6 22.c3 d3 23.Qf2 a5
24.Qh4 h5 25.b3 Ne3 26.Rf2 axb4 27.axb4 Qd6 28.Rd2 Nd5 29.Rf1 Nxc3 30.Kh2 Ne4
31.Nxe4 Bxe4 32.Qg3 Kg7 33.Rfd1 Qxb4  0-1

[Event "DDR-ch (Women)"]
[Site "Groeditz"]
[Date "1976.??.??"]
[Round "2"]
[White "Pranner, Marion"]
[Black "Worch, Marion"]
[Result "0-1"]
[WhiteElo "1895"]
[BlackElo "2075"]

1.e4 g6 2.d4 Bg7 3.Nc3 c6 4.f4 d5 5.e5 h5 6.h3 Nh6 7.Nf3 Bf5 8.Be3 e6 9.Bf2 Nd7
10.Ng5 Bf8 11.Be2 Bb4 12.Bf3 Qa5 13.Qd2 Ng8 14.O-O h4 15.a3 Bxc3 16.bxc3 c5
17.dxc5 Nxc5 18.Rfb1 Rc8 19.Bxc5 Qxc5+ 20.Kh1 b6 21.Rb3 Ne7 22.Be2 Kf8 23.Bd3 Kg7
24.Rf1 Bxd3 25.cxd3 Nf5 26.Rf3 Ng3+ 27.Kh2 Qa5 28.Qb2 Rc7 29.d4 Rhc8 30.Rd3 Qa6
31.Qc2 Rc4 32.Qb2 Ra4 33.Rf3 Rcc4 34.Qf2 Rxa3 35.Rxa3 Qxa3 36.Rxg3 hxg3+
37.Qxg3 Kf8 38.Qh4 Ke8 39.Qh8+ Qf8 40.Qh4 Kd7 41.Nh7 Qe7 42.Nf6+ Kc6 43.Qh8 Kb7
44.Ne8 Rc8 45.Nd6+ Qxd6 46.Qxc8+ Kxc8 47.exd6 a5  0-1

[Event "DDR-ch (Women)"]
[Site "Groeditz"]
[Date "1976.??.??"]
[Round "7"]
[White "Hofmann, Brigitte"]
[Black "Worch, Marion"]
[Result "1-0"]
[WhiteElo "2195"]
[BlackElo "2075"]

1.e4 g6 2.d4 Bg7 3.Nc3 c6 4.f4 d6 5.Nf3 Nf6 6.Bd3 Bg4 7.e5 Nd5 8.Nxd5 cxd5
9.O-O Qb6 10.Kh1 O-O 11.c3 e6 12.Qe1 Bxf3 13.Rxf3 Nd7 14.Qh4 Rfe8 15.g4 Nf8
16.Qf2 Rac8 17.Be3 Qc6 18.Qe2 a6 19.h4 Qc7 20.h5 Qe7 21.Qh2 f6 22.hxg6 hxg6
23.exf6 Qxf6 24.Kg2 Rc7 25.Rh1 Rf7 26.g5 Qe7 27.Bxg6 Nxg6 28.Qh7+ Kf8 29.Qxg6 e5
30.dxe5 dxe5 31.Rfh3 Qc7 32.f5  1-0

[Event "DSV-Turnier"]
[Site "Halle"]
[Date "1976.??.??"]
[Round "?"]
[White "Vogt, Lothar"]
[Black "Espig, Lutz"]
[Result "1/2-1/2"]
[WhiteElo "2480"]
[BlackElo "2480"]

1.e4 c6 2.d4 g6 3.Nc3 Bg7 4.Nf3 d5 5.h3 Nf6 6.Bd3 dxe4 7.Nxe4 Nxe4 8.Bxe4 Bf5
9.Bxf5 Qa5+ 10.Bd2 Qxf5 11.O-O O-O 12.Re1 Re8 13.Bb4 e6 14.c4 Nd7 15.Bc3 b5
16.b3 bxc4 17.bxc4 c5 18.Rc1 Red8 19.Qe2 Qh5 20.Red1 Nb6 21.dxc5 Rxd1+ 22.Qxd1 Qxc5
23.Bxg7 Kxg7 24.Qd4+ Qxd4 25.Nxd4 Rc8 26.c5  1/2-1/2

[Event "CSR-ch"]
[Site "Ostrava"]
[Date "1976.??.??"]
[Round "1"]
[White "Privara, Igor"]
[Black "Petran, Pal"]
[Result "1-0"]
[WhiteElo "2200"]
[BlackElo "2310"]

1.e4 g6 2.d4 Bg7 3.Nc3 c6 4.Nf3 d6 5.Be2 b5 6.O-O a5 7.Bf4 Nd7 8.Qd2 e5 9.dxe5 dxe5
10.Bg5 Qc7 11.a4 h6 12.Be3 Rb8 13.axb5 cxb5 14.Nd5 Qd6 15.Qxa5 Ngf6 16.Nc7+ Ke7
17.Rfd1 Qc6 18.Nxe5 Qxe4 19.Nxd7 Nxd7 20.Na6 Bxa6 21.Qxa6 Be5 22.Bxb5 Rhd8
23.Bxd7 Rxd7 24.Bc5+ Kd8 25.Rxd7+ Kxd7 26.Rd1+ Ke8 27.Qa7 Rb7 28.Qa5 f6 29.Rd8+ Kf7
30.Qa2+  1-0

[Event "Stary Smokovec"]
[Site "Stary Smokovec"]
[Date "1976.??.??"]
[Round "5"]
[White "Augustin, Josef"]
[Black "Petran, Peter"]
[Result "1-0"]
[WhiteElo "2405"]
[BlackElo "2335"]

1.d4 g6 2.e4 Bg7 3.Nc3 c6 4.Nf3 d5 5.h3 b5 6.a3 dxe4 7.Nxe4 Nf6 8.Nxf6+ exf6
9.Bd3 O-O 10.O-O Be6 11.Re1 Nd7 12.a4 a6 13.Bd2 Nb6 14.Ba5 Qb8 15.b3 Re8
16.Rb1 Bf8 17.c4 Qa7 18.Qc2 Rac8 19.Re2 Bd7 20.Rxe8 Rxe8 21.axb5 cxb5 22.Qd2 Rc8
23.Rc1 Qb8 24.Rc2 h5 25.Qc1 Qb7 26.Qf4 bxc4 27.bxc4 Nd5 28.cxd5 Qb1+ 29.Ne1 Qa1
30.Rxc8 Bxc8 31.Qc7  1-0